Statistics for Boulevards of Paris

Click here to take the quiz!

General Stats

  • This quiz has been taken 186 times
  • The average score is 42 of 118

Answer Stats

HintAnswer% Correct
5e, 6e, 7eSaint-Germain
70%
5e, 6eSaint-Michel
67%
8eHaussmann
66%
11eVoltaire
64%
2e, 9eMontmartre
60%
11e, 20ede Belleville
59%
1er, 2e, 3e, 4ede Sébastopol
59%
6e, 14e, 15edu Montparnasse
59%
8e, 17ede Courcelles
57%
2e, 9edes Capucines
57%
9e, 18ede Clichy
56%
8e, 9e, 17eMalesherbes
56%
7edes Invalides
54%
2e, 9edes Italiens
54%
18eBarbès
53%
2e, 3e, 10eSaint-Denis
53%
9e, 18ede Rochechouart
51%
12e, 13e, 14e, 15e, 16e, 17e, 18e, 19e, 20epériphérique
51%
6e, 7e, 14eRaspail
51%
3e, 10eSaint-Martin
51%
12ede Bercy
50%
9e, 10ede Magenta
50%
11e, 20ede Ménilmontant
50%
10ede Strasbourg
50%
3e, 11edu Temple
50%
15ede Grenelle
49%
10e, 18ede la Chapelle
49%
1er, 8e, 9ede la Madeleine
49%
8e, 17edes Batignolles
49%
13eMasséna
49%
5e, 13eSaint-Marcel
49%
11e, 20ede Charonne
47%
10e, 19ede la Villette
47%
12eDiderot
47%
16eMurat
47%
3e, 4e, 11eBeaumarchais
46%
14eBrune
46%
2e, 10ede Bonne-Nouvelle
46%
5e, 13e, 14ede Port-Royal
46%
14eSaint-Jacques
46%
12ede la Bastille
44%
19eMacdonald
44%
18eNey
44%
17ePereire
44%
15eVictor
44%
13e, 14eArago
43%
5e, 13ede l'Hôpital
43%
15ede Vaugirard
43%
16eLannes
43%
12ePoniatowski
43%
20eDavout
41%
12ede Picpus
41%
11eRichard-Lenoir
41%
16ed'Auteuil
40%
12ede Reuilly
40%
17eGouvion-Saint-Cyr
40%
13eAuguste-Blanqui
39%
3e, 11edes Filles-du-Calvaire
39%
16eExelmans
39%
4eHenri-IV
39%
19eSérurier
39%
12eSoult
39%
14eJourdan
37%
13eKellermann
37%
18eOrnano
37%
15ePasteur
37%
17eBerthier
36%
2e, 9ePoissonnière
36%
13eVincent-Auriol
36%
13edu Général de Gaulle
34%
20eMortier
34%
15eGaribaldi
33%
15eLefebvre
33%
17ePershing
33%
19ed'Algérie
31%
Bois de BoulogneMaillot
31%
19ed'Indochine
30%
1er, 4edu Palais
30%
4eMorland
30%
4eBourdon
29%
14eEdgar-Quinet
29%
Bois de BoulogneAnatole-France
26%
16ede l'Amiral-Bruix
26%
7ede la Tour-Maubourg
26%
17ede Reims
26%
15eGallieni
26%
12ede la Guyane
24%
Bois de Boulognedu Commandant-Charcot
24%
11eJules-Ferry
24%
16eSuchet
24%
12eCarnot
23%
13ede la Zone
23%
17ede Douaumont
21%
19ede la Commanderie
21%
17ede l'Yser
21%
16ede Montmorency
21%
17eBessières
20%
17ede la Somme
20%
17edu Fort-de-Vaux
20%
15edes Frères-Voisin
19%
10ede Denain
17%
16eFlandrin
14%
17ede Dixmude
11%
13edu Général-Jean-Simon
11%
15edu Général-Martial-Valin
11%
16ede Beauséjour
10%
16eDelessert
10%
17edu Bois-le-Prêtre
10%
Bois de BoulogneMaurice-Barrès
9%
14eAdolphe-Pinard
7%
16eÉmile-Augier
7%
Bois de BoulogneRichard-Wallace
7%
16eJules-Sandeau
6%
14eRomain-Rolland
6%
16eThierry-de-Martel
6%
17ed'Aurelle-des-Paladines
4%
16eAndré-Maurois
3%
16eMarbeau
3%

Score Distribution

Percentile by Number Answered

Percent of People with Each Score

Your Score History

You have not taken this quiz